| 000 | 00386pab a2200133 454500 | ||
|---|---|---|---|
| 008 | 180718b xxu||||| |||| 00| 0 eng d | ||
| 100 | _aJoyce Peter | ||
| 245 | _aLocal government and policing: the end of an historic relationship | ||
| 362 | _a67(2), Apr-Jun 1994, p.117-24 | ||
| 650 | _a Local Government -- U.K. | ||
| 650 | _aPolice -- U.K. | ||
| 773 | _aPolice Journal | ||
| 909 | _a26945 | ||
| 999 |
_c26945 _d26945 |
||